000 00623nam a22002297a 4500
003 UA-OsUOA
001 98963
007 ta
008 20130422b un ||||| |||| 00| 0 ukr d
100 _aРекемчук А.
090 _a821.161.1
_bР36
942 _cBK
040 _aUA-OsUOA
_brus
_cUA-OsUOA
_dUA-OsUOA
245 _aТридцать шесть и шесть
_bроман
300 _a334 с.
955 _a3
041 _arus
080 _a821.161.1
260 _aМ.
_bМолодая гвардия
_c1984
650 7 _a82 Література. Літературознавство
_2UDC
999 _c385008
_d385008